Clickable Things in Goodnight Moon Quiz Stats

Quiz Updated Jun 16, 2016

Challenge
Share
Tweet
Embed
Score 0/21 Timer 03:00
0 Plays Today
% Correct
Moon
83.5%
Cow Jumping Over the Moon
81.5%
Chairs
78.5%
Old Lady Whispering Hush
75.8%
Mouse
74.5%
Noises Everywhere
72.9%
Mittens
72.6%
Red Balloon
72.3%
Room
69.9%
Kittens
69.9%
Brush
69.1%
% Correct
Stars
67.4%
Socks
67%
Clocks
66.7%
Little House
66.2%
Light
61.3%
Comb
61.2%
Bears
59.8%
Mush
58.4%
Nobody
55.7%
Air
47.9%

You're not logged in!

Compare scores with friends on all Sporcle quizzes.
Sign Up with Email
OR
Log In

You Might Also Like...

Show Comments

Extras

Top Quizzes Today


Score Distribution

Your Account Isn't Verified!

In order to create a playlist on Sporcle, you need to verify the email address you used during registration. Go to your Sporcle Settings to finish the process.